国別在日外国人人口(2024末) - Statistics

General Stats
  • This quiz has been taken 15 times
  • The average score is 181 of 186
Answer Stats
国名 人数 都道府県 % Correct
アフガニスタン 6,351 千葉県
100%
アラブ首長国連邦 75 東京都
100%
イエメン 247 東京都
100%
イスラエル 842 東京都
100%
イラク 224 茨城県
100%
イラン 4,399 東京都
100%
インド 53,974 東京都
100%
オマーン 28 東京都
100%
カタール 20 東京都
100%
大韓民国 409,238 東京都
100%
旧朝鮮籍 23,206 東京都
100%
カンボジア 26,827 神奈川県
100%
キプロス 92 東京都
100%
クウェート 38 東京都
100%
サウジアラビア 289 東京都
100%
シンガポール 3,739 東京都
100%
スリランカ 63,472 千葉県
100%
タイ 65,398 東京都
100%
台湾 70,147 東京都
100%
中華人民共和国 873,286 東京都
100%
トルコ 7,711 埼玉県
100%
ネパール 233,043 東京都
100%
バーレーン 29 東京都
100%
パキスタン 29,647 埼玉県
100%
パレスチナ 109 東京都
100%
バングラデシュ 35,073 東京都
100%
ブルネイ 104 東京都
100%
マレーシア 11,968 東京都
100%
ミャンマー 134,574 東京都
100%
モルディブ 88 東京都
100%
モンゴル 21,240 東京都
100%
ヨルダン 268 東京都
100%
ラオス 4,442 神奈川県
100%
レバノン 170 東京都
100%
アイスランド 91 東京都
100%
アイルランド 1,392 東京都
100%
アゼルバイジャン 190 東京都
100%
アルバニア 95 東京都
100%
アルメニア 80 東京都
100%
イタリア 5,556 東京都
100%
ウクライナ 4,176 東京都
100%
ウズベキスタン 7,107 東京都
100%
イギリス 21,139 東京都
100%
エストニア 189 東京都
100%
オーストリア 765 東京都
100%
オランダ 1,881 東京都
100%
カザフスタン 892 東京都
100%
北マケドニア 59 東京都
100%
ギリシャ 310 東京都
100%
キルギス 932 東京都
100%
クロアチア 166 東京都
100%
コソボ 20 東京都
100%
サンマリノ 4 神奈川県
100%
ジョージア 112 東京都
100%
スイス 1,393 東京都
100%
スウェーデン 1,971 東京都
100%
スペイン 4,146 東京都
100%
スロバキア 383 東京都
100%
スロベニア 127 東京都
100%
セルビア 264 東京都
100%
セルビア・モンテネグロ 4 東京都
100%
タジキスタン 348 東京都
100%
チェコ 588 東京都
100%
デンマーク 1,035 東京都
100%
ドイツ 8,749 東京都
100%
トルクメニスタン 83 東京都
100%
ノルウェー 616 東京都
100%
ハンガリー 847 東京都
100%
フィンランド 883 東京都
100%
フランス 16,215 東京都
100%
ブルガリア 483 東京都
100%
ベラルーシ 455 東京都
100%
ベルギー 1,172 東京都
100%
ポーランド 1,865 東京都
100%
ボスニア・ヘルツェゴビナ 55 東京都
100%
ポルトガル 828 東京都
100%
マルタ 33 東京都
100%
モルドバ 165 東京都
100%
モンテネグロ 15 東京都
100%
ラトビア 142 東京都
100%
リトアニア 386 東京都
100%
リヒテンシュタイン 12 東京都
100%
ルーマニア 2,310 東京都
100%
ルクセンブルク 78 東京都
100%
ロシア 11,982 東京都
100%
アルジェリア 314 東京都
100%
アンゴラ 71 東京都
100%
ウガンダ 1,025 千葉県
100%
エジプト 2,450 東京都
100%
エスワティニ 12 神奈川県
100%
エチオピア 724 東京都
100%
エリトリア 52 東京都
100%
ガーナ 3,124 東京都
100%
ガボン 38 東京都
100%
カメルーン 1,558 埼玉県
100%
ガンビア 186 埼玉県
100%
ギニア 673 東京都
100%
ケニア 1,138 東京都
100%
コートジボワール 204 東京都
100%
コンゴ共和国 38 東京都
100%
コンゴ民主共和国 790 東京都
100%
ザンビア 253 北海道
100%
シエラレオネ 96 東京都
100%
ジブチ 21 東京都
100%
ジンバブエ 601 神奈川県
100%
セーシェル 12 東京都
100%
セネガル 1,147 埼玉県
100%
ソマリア 42 東京都
100%
タンザニア 650 神奈川県
100%
中央アフリカ 18 埼玉県
100%
チュニジア 912 東京都
100%
トーゴ 59 東京都
100%
ナイジェリア 4,318 埼玉県
100%
ナミビア 72 埼玉県
100%
ブルキナファソ 165 東京都
100%
ベナン 166 東京都
100%
マダガスカル 201 東京都
100%
マラウイ 208 東京都
100%
マリ 294 神奈川県
100%
南アフリカ共和国 1,560 東京都
100%
モーリシャス 110 東京都
100%
モーリタニア 28 東京都
100%
モザンビーク 181 東京都
100%
モロッコ 782 東京都
100%
リベリア 96 埼玉県
100%
ルワンダ 152 東京都
100%
レソト 28 東京都
100%
アンティグア・バーブーダ 10 東京都
100%
エルサルバドル 193 東京都
100%
カナダ 12,226 東京都
100%
キューバ 301 東京都
100%
グアテマラ 184 東京都
100%
グレナダ 9 東京都
100%
コスタリカ 242 東京都
100%
ジャマイカ 904 神奈川県
100%
セントクリストファー・ネービス 38 東京都
100%
セントルシア 14 東京都
100%
ドミニカ共和国 714 神奈川県
100%
トリニダード・トバゴ 247 東京都
100%
ニカラグア 105 神奈川県
100%
ハイチ 39 群馬県
100%
パナマ 107 東京都
100%
バルバドス 42 東京都
100%
アメリカ合衆国 66,111 東京都
100%
ベリーズ 19 東京都
100%
ホンジュラス 160 東京都
100%
メキシコ 3,702 東京都
100%
アルゼンチン 3,523 神奈川県
100%
ウルグアイ 131 東京都
100%
エクアドル 320 東京都
100%
コロンビア 2,774 東京都
100%
スリナム 7 東京都
100%
チリ 1,249 東京都
100%
ベネズエラ 623 東京都
100%
オーストラリア 13,015 東京都
100%
キリバス 13 広島県
100%
ソロモン 68 東京都
100%
トンガ 200 東京都
100%
ニュージーランド 4,022 東京都
100%
バヌアツ 95 東京都
100%
パラオ 41 東京都
100%
フィジー 343 東京都
100%
ミクロネシア連邦 53 東京都
100%
インドネシア 199,824 愛知県
89%
シリア 1,584 兵庫県
89%
フィリピン 341,518 愛知県
89%
ブータン 423 大阪府
89%
ベトナム 634,361 愛知県
89%
サントメ・プリンシペ 4 京都府
89%
スーダン 405 大阪府
89%
ニジェール 26 愛知県
89%
ブルンジ 49 愛知県
89%
南スーダン共和国 56 大阪府
89%
リビア 60 愛知県
89%
ドミニカ国 33 兵庫県
89%
バハマ 25 大阪府
89%
パラグアイ 2,266 愛知県
89%
ブラジル 211,907 愛知県
89%
ペルー 49,247 愛知県
89%
ボリビア 6,753 愛知県
89%
ガイアナ 14 鹿児島県
78%
マーシャル諸島 12 奈良県
67%
パプアニューギニア 91 新潟県
56%
東ティモール 87 高知県
44%
サモア 78 大分県
44%
ギニアビサウ 13 徳島県
33%
No matching quizzes found
Score Distribution
Percent of People with Each Score
Percentile by Number Answered
Your Score History
You have not taken this quiz